000 00392cam a2200157ua 4500
041 _aeng
_h
082 _a828.03
_bLIV/PO
100 _aLivingstone , R W .
245 _aPortrait of Socrates /
_cR W Livingstone.
_hTextual Documents
250 _a1 /
_b.
260 _aLondon :
_bOxford University Press ,
_c1963.
300 _a200 ; .
504 _a
942 _cBK
999 _c7842
_d7842